History by Images - 'W' - Statistics

General Stats
  • This quiz has been taken 58 times
  • The average score is 7 of 16
Answer Stats
Picture Hint Answer % Correct
Former German Emperor Wilhelm II
87%
1815 battle Waterloo
85%
28th U.S. President Woodrow Wilson
85%
Played since 1877 Wimbledon
83%
Extinct Animal Woolly Mammoth
77%
His first name Wolfgang
74%
Namesake of an 1835 sauce Worcester
70%
'The Conqueror' William I
51%
English poet William Wordsworth
38%
His spouse Wallis Simpson
32%
1942 Nazi conference Wannsee
11%
Former Empress of China Wu Zetian
11%
American short-story writer Washington Irving
9%
Home to the Selkirk Settlement in 1812 Winnipeg
8%
12th century Indian fortress Warangal
2%
Hephthalites also known as White Huns
0%
No matching quizzes found
Score Distribution
Percent of People with Each Score
Percentile by Number Answered
Your Score History
You have not taken this quiz